Chun qiu jing zhuan ji jie : Zuoqiu Ming zhuan /
Saved in:
| Main Author: | |
|---|---|
| Other Authors: | |
| Format: | Book |
| Language: | Chinese |
| Published: |
Beijing :
Wen xue gu ji kan xing she,
1955.
|
| Subjects: | |
| Tags: |
Add Tag
No Tags, Be the first to tag this record!
|
| LEADER | 01065cam a2200301 a 4500 | ||
|---|---|---|---|
| 001 | 007719947-2 | ||
| 005 | 20024617110316.0 | ||
| 008 | 920416s1955 cc 000 0 chi d | ||
| 035 | 0 | |a ocm30902969 | |
| 040 | |a MnU |c MnU |d *YNH* |d CStRLIN | ||
| 100 | 1 | |6 880-01 |a Zuoqiu, Ming. | |
| 245 | 1 | 0 | |6 880-02 |a Chun qiu jing zhuan ji jie : |b Zuoqiu Ming zhuan / |c Du Yu zhu. |
| 260 | |6 880-03 |a Beijing : |b Wen xue gu ji kan xing she, |c 1955. | ||
| 300 | |a 3 v, ; |c 21 cm. | ||
| 500 | |6 880-04 |a Runing title: Zuo zhuan. | ||
| 500 | |6 880-05 |a Ju Ming fan xiang tai ben ying yin. | ||
| 600 | 0 | 0 | |6 880-06 |a Confucius. |t Chun qiu. |
| 700 | 1 | |6 880-07 |a Du, Yu, |d 222-284. | |
| 740 | 0 | |a Zuo zhuan. | |
| 880 | 1 | |6 100-01 |a 左丘明. | |
| 880 | 1 | 0 | |6 245-02 |a 春秋經傳集解: |b 左丘明傳/ |c 杜預注. |
| 880 | |6 260-03 |a 北京: |b 文學古籍刊行社, |c 1955. | ||
| 880 | |6 500-04 |a Runing title: 左傳. | ||
| 880 | |6 500-05 |a 據明翻相臺本影印. | ||
| 880 | 0 | 0 | |6 600-06 |a Confucius. |t 春秋. |
| 880 | 1 | |6 700-07 |a 杜預, |d 222-284. | |
| 988 | |a 20021105 | ||
| 906 | |0 OCLC | ||


